Wordt geladen...

Kamapooja/

Bibliografische gegevens
Hoofdauteur: Ramavarma K T
Formaat: Printed Book
Gepubliceerd in: Kozhikode: Mathrubhumi, 2017.
Onderwerpen:
LEADER 00577nam a22001697a 4500
020 |a 9788182671072 
082 |a M07  |b RAM/K 
100 |a Ramavarma K T  |9 30717 
245 |a Kamapooja/  |c by Ramavarma K T. 
260 |a Kozhikode:  |b Mathrubhumi,  |c 2017. 
300 |a 239p. 
650 |a Literature Malayalam Study  |9 30718 
650 |a Literature Malayalam  |9 30719 
650 |a Literature   |9 30720 
942 |c BK 
999 |c 69704  |d 69704 
952 |0 0  |1 0  |4 0  |6 M_07_000000000000000_RAM_K  |7 0  |9 90185  |a SSUS  |b SSUS  |c STACKS  |d 2018-01-16  |g 220.00  |l 1  |o M07 RAM/K  |p 086879  |r 2018-05-16  |s 2018-05-03  |w 2018-01-16  |y BK